| 000 | 00500nam a2200181 a 4500 | ||
|---|---|---|---|
| 003 | DO-SdBNP | ||
| 005 | 20211020083724.0 | ||
| 007 | ta | ||
| 008 | 211019e1987 cl ||||er|||| 001 0 spa d | ||
| 040 |
_aDO-SdBNP _bspa _cBNPHU |
||
| 082 | 4 |
_222 _bL333i |
|
| 100 | 1 |
_975774 _aLarrañaga, Ignacio, _d1928-2013 |
|
| 245 | 1 | 0 |
_aTalleres de oración / _cIgnacio Larrañaga |
| 260 |
_aSantiago de Chile : _bCEFEPAL, _c1987 |
||
| 300 |
_a179 p. ; _c18 cm. |
||
| 590 | _aInventariado 2021 / MF | ||
| 942 |
_2ddc _cLBS1 |
||
| 999 |
_c50778 _d50778 |
||